| 000 | 00803nam a2200241 a 4500 | ||
|---|---|---|---|
| 001 | 000000499 | ||
| 003 | DO-SdBNP | ||
| 005 | 20250219104747.0 | ||
| 007 | ta | ||
| 008 | 081218s1929 dr r 000 0 spa d | ||
| 040 |
_aDO-SdBNP _bspa _cBNPHU |
||
| 082 |
_axxx _bS959 |
||
| 100 | 1 |
_aCipriano, _d1886-1958 _c de Utrera, fray, _950420 |
|
| 245 | 1 | 4 |
_aLos supuestos restos de don Cristóbal Colón en la catedral de Santo Domingo : _blevantando la mascara que encubela este estupendo engaño desde 1877 / _cWalter M. ST Elmo |
| 260 |
_aSan Juan, Puerto Rico : _bs.n. _c1929. |
||
| 300 |
_a44 p. ; _c24 cm. |
||
| 505 | 0 | _a. | |
| 590 | _aInventariado, 2022 / DG | ||
| 600 | 0 |
_aCOLÓN, CRISTOBAL, _d1436-1456 _919795 |
|
| 651 | 4 |
_aRepública Dominicana _xHistoria _9170 |
|
| 910 | _aDG | ||
| 942 |
_2ddc _cLF2 |
||
| 999 |
_c52572 _d52572 |
||